[Event "Yerevan op 2nd"]
[Site "Yerevan"]
[Date "2017.09.26"]
[Round "8"]
[White "Nourimoghaddam, Shahrokh"]
[Black "Gaboyan, Susanna"]
[Result "1/2-1/2"]
[WhiteElo "1794"]
[BlackElo "2166"]
[PlyCount "95"]
[EventDate "2017.09.19"]
[EventType "swiss"]
[EventRounds "9"]
[EventCountry "ARM"]
[SourceTitle "EXT 2018"]
[Source "ChessBase"]
[SourceDate "2017.10.13"]
[SourceVersion "1"]
[SourceVersionDate "2017.10.13"]
[SourceQuality "1"]

1. d4 Nf6 2. Bf4 g6 3. Nc3 d5 4. Qd2 Bg7 5. Nf3 0-0 6. Bh6 c6 7. Ne5 Nbd7 8. f3 Nxe5 9. dxe5 Nd7 10. Bxg7 Kxg7 11. f4 f6 12. e4 fxe5 13. exd5 exf4 14. 0-0-0 Nf6 15. Qxf4 Ng4 16. Qd4+ e5 17. dxe6+ Qxd4 18. Rxd4 Bxe6 19. Be2 Nh6 20. Bf3 Nf5 21. Re4 Rfe8 22. Rhe1 Bf7 23. g3 Rxe4 24. Rxe4 Rd8 25. Re1 h5 26. Rd1 Rxd1+ 27. Nxd1 Kf6 28. a4 Ke5 29. Kd2 g5 30. a5 Nd4 31. Be2 Bg6 32. Ne3 g4 33. b4 Be4 34. c3 Nf3+ 35. Bxf3 Bxf3 36. Nc4+ Kd5 37. Ne3+ Ke4 38. Nc4 c5 39. b5 Kd5 40. Ne3+ Ke6 41. Kd3 a6 42. b6 Bc6 43. c4 Ke5 44. Nf1 Be8 45. Ke3 Bg6 46. Nd2 Bc2 47. Nf1 Bf5 48. Nd2 1/2-1/2

[Event "Yerevan op 2nd"]
[Site "Yerevan"]
[Date "2017.09.20"]
[Round "2"]
[White "Nourimoghaddam, Shahrokh"]
[Black "Petrosyan, Manuel"]
[Result "0-1"]
[WhiteElo "1794"]
[BlackElo "2559"]
[PlyCount "46"]
[EventDate "2017.09.19"]
[EventType "swiss"]
[EventRounds "9"]
[EventCountry "ARM"]
[SourceTitle "CBM 180 Extra"]
[Source "ChessBase"]
[SourceDate "2017.10.06"]
[SourceVersion "1"]
[SourceVersionDate "2017.10.06"]
[SourceQuality "1"]

1. d4 Nf6 2. Bf4 d5 3. e3 c5 4. c3 Nc6 5. Nd2 e6 6. Ngf3 Be7 7. h4 Bd6 8. Ne5 Qc7 9. Ndf3 Nd7 10. Bb5 cxd4 11. exd4 f6 12. Nxd7 Bxf4 13. Nc5 Bd6 14. Nd3 0-0 15. Qa4 Na5 16. Qc2 e5 17. b4 e4 18. bxa5 exf3 19. 0-0 fxg2 20. Kxg2 Bh3+ 21. Kh1 Bxf1 22. Rxf1 Qc8 23. f3 Qh3+ 0-1

[Event "Yerevan op 1st"]
[Site "Yerevan"]
[Date "2016.10.05"]
[Round "4"]
[White "Adamyan, Mane"]
[Black "Nourimoghaddam, Shahrokh"]
[Result "0-1"]
[WhiteElo "1702"]
[BlackElo "1821"]
[PlyCount "100"]
[EventDate "2016.10.02"]
[EventType "swiss"]
[EventRounds "9"]
[EventCountry "ARM"]
[SourceTitle "EXT 2017"]
[Source "ChessBase"]
[SourceDate "2016.10.25"]
[SourceVersion "1"]
[SourceVersionDate "2016.10.25"]
[SourceQuality "1"]

1. d4 d5 2. c4 e6 3. Nc3 Nf6 4. cxd5 exd5 5. Bg5 c6 6. e3 Nbd7 7. Bd3 Be7 8. Qc2 Nf8 9. h3 Ne6 10. Bh4 g6 11. Nf3 Nh5 12. Bxe7 Qxe7 13. 0-0-0 Nf6 14. Ne5 Nd7 15. f4 Ng7 16. Rde1 0-0 17. g4 Nxe5 18. fxe5 f6 19. exf6 Qxf6 20. Rhf1 Qd6 21. e4 Be6 22. e5 Qe7 23. Qg2 Rxf1 24. Rxf1 Rf8 25. Kb1 Bd7 26. Ne2 Ne6 27. Rxf8+ Qxf8 28. Qg3 b6 29. h4 Qb4 30. Qf2 Qd2 31. Bc2 Nxd4 32. Qxd4 Qxe2 33. g5 Qe1+ 34. Bd1 Bf5+ 35. Kc1 Kf7 36. Qf4 Ke6 37. a3 Qe4 38. Qxe4 Bxe4 39. Bg4+ Bf5 40. Bd1 Kxe5 41. Ba4 Bd7 42. Kd2 Kf4 43. Bd1 Bg4 44. Ba4 c5 45. Be8 Kg3 46. Bf7 Kxh4 47. Bg8 Kxg5 48. Bxd5 Kf4 49. Bg8 h5 50. Bf7 g5 0-1